| 000 | 00437nam a22001457a 4500 | ||
|---|---|---|---|
| 020 | _a9789697947058 | ||
| 082 |
_a951 _bJAV |
||
| 100 | _aJaved, Syed Hasan | ||
| 245 |
_aChina as Number One: _bNew Opportunities-New Partnerships / _cSyed Hasan Javed |
||
| 260 |
_aKarachi: _bNew Fakhri Printing Press, _c2021. |
||
| 300 |
_a329p. ; _c22 cm. |
||
| 942 |
_2ddc _cBK |
||
| 999 |
_c587718 _d587718 |
||